<Der> Finanzplan des Bundes 1992 bis 1996
Salvato in:
| Natura: | Libro |
|---|---|
| Lingua: | tedesco |
| Pubblicazione: |
Bonn
Bundesministerium der Finanzen
1992
|
| Edizione: | 1. Aufl. |
| Soggetti: | |
| Tags: |
Nessun Tag, puoi essere il primo ad aggiungerne!!
|
MARC
| LEADER | 00000nam a2200000 4500 | ||
|---|---|---|---|
| 001 | c005457 | ||
| 005 | 20221206083130.9 | ||
| 041 | 0 | |a ger | |
| 044 | |a DE | ||
| 245 | 1 | 0 | |a <Der> Finanzplan des Bundes 1992 bis 1996 |
| 250 | |a 1. Aufl. | ||
| 264 | 1 | |a Bonn |b Bundesministerium der Finanzen |c 1992 | |
| 300 | |a 94 s. | ||
| 610 | 2 | 0 | |a Nemecko |
| 610 | 2 | 0 | |a plán finančný |
| 610 | 2 | 0 | |a 1992-1996 |
| 610 | 2 | 0 | |a politika finančná |
| 610 | 2 | 0 | |a rozpočet štátny |
| 610 | 2 | 0 | |a príjmy |
| 610 | 2 | 0 | |a výdavky |
| 610 | 2 | 0 | |a úver |
| 610 | 2 | 0 | |a pomoc finančná |
| 610 | 2 | 0 | |a kraje |
| 610 | 2 | 0 | |a rozvoj hospodársky |